000
00215nam a22000977a 4500
999
_c
15995
_d
15995
003
OSt
008
191025b ||||| |||| 00| 0 eng d
100
_a
Kanam,E J.
_9
4460
245
_a
Kattaka enna pattukari
942
_c
BK